| 000 | 00000nam##2200000za#4500 |
| 001 | 9.612472 |
| 003 | CaOODSP |
| 005 | 20210929082756 |
| 007 | ta |
| 008 | 150406|1995||||xxc||||| f|0| 0 eng|d |
| 020 | |a0-662-23647-5 |
| 040 | |aCaOODSP|beng |
| 043 | |an-cn--- |
| 086 | 1 |aFo29-44/95-05E |
| 110 | 1 |aCanada. |bNatural Resources Canada. |bCanadian Forest Service. |
| 245 | 10|aForest biotechnology in Canada : |banalysis of intellectual property rights and protection of higher lifeforms / |cby Stan Globerman and Ilan B. Vertinsky. |
| 260 | |aVictoria - British Columbia : |bNatural Resources Canada. |c1995. |
| 300 | |axvi, 124p. : |bgraphs, tables ; |c28 cm. |
| 490 | 1 |aWorking paper|vWP-05-95.05 |
| 500 | |a"This study focuses on the potential impact and desirability of patenting higher lifeforms (multicellular organisms) for application in forestry, specifically seeds and biopesticides."--Introduction. |
| 504 | |aBibliography. |
| 520 | 3 |aThis study focuses on the potential impact and desirability of patenting higher lifeforms (multicellular organisms) for application in forestry, specifically seeds and biopesticides.--Introduction |
| 563 | |aSoftcover |
| 590 | |a95-29|b1995-07-21 |
| 690 | 07|aForestry industry|2gcpds |
| 690 | 07|aBiotechnology|2gcpds |
| 720 | 1 |aGloberman, Stan |
| 720 | 1 |aVertinsky, Ilan B. |
| 776 | 0#|tForest biotechnology in Canada : |w(CaOODSP)9.573424 |
| 830 | #0|aWorking paper ;|vWP-05-95.05|w(CaOODSP)9.514643 |
| 986 | |aWP-05-95.05 |